Kvalita služby v moderných IP sieťach - metódy a prostriedky v prostredí TriplePlay služieb

Salvato in:
Dettagli Bibliografici
Autore principale: Habánik, Miroslav (Autore)
Altri autori: Vargovič, Ivan (Relatore della tesi), Chromý, Erik, 1981- (Relatore della tesi)
Natura: Manoscritto Libro
Lingua:slovacco
Pubblicazione: Bratislava : STU v Bratislave FEI, 2009
Soggetti:
Tags: Aggiungi Tag
Nessun Tag, puoi essere il primo ad aggiungerne!!

MARC

LEADER 00000ntm a22000003a 4500
001 stu191958
005 20150617230028.2
008 091009s2009----xo------------------slo-d
040 |a STU  |b slo 
041 0 |a slo 
044 |a xo 
100 1 |a Habánik, Miroslav  |4 aut  |u E  |T FEI Fakulta elektrotechniky a informatiky  |U E  |Y 30 
245 1 |a Kvalita služby v moderných IP sieťach - metódy a prostriedky v prostredí TriplePlay služieb 
260 |a Bratislava :  |b STU v Bratislave FEI,  |c 2009 
300 |a 72 s 
650 7 |a Telekomunikácie  |2 stusub 
650 7 |a informatika  |2 stusub 
650 7 |a IP siete  |2 stusub 
700 1 |a Vargovič, Ivan  |4 ths 
700 1 |a Chromý, Erik,  |d 1981-  |4 ths  |u E070  |U FEI Fakulta elektrotechniky a informatiky  |T FEI Ústav telekomunikácií  |X 3861  |U E070  |Y 818  |7 A000003861